Water Crownが採用されたことのある駅 - Statistics

General Stats
  • This quiz has been taken 8 times
  • The average score is 170 of 281
Answer Stats
Ver/その他 Answer % Correct
ひたち野うしく
100%
神立
100%
八王子
100%
くりこま高原
100%
盛岡
100%
音色違い短縮Ver 一ノ関
100%
半音低いVer | 標準Ver 大船
86%
東京
86%
新子安
86%
横浜
86%
関内
86%
※旧駅名で 佐貫
86%
荒川沖
86%
勝田
86%
佐和
86%
大甕
86%
常陸多賀
86%
勿来
86%
羽鳥
86%
高萩
86%
川崎
86%
新横浜
86%
中山
86%
町田
86%
古淵
86%
淵野辺
86%
相模原
86%
橋本
86%
相原
86%
八王子みなみ野
86%
浪江
86%
東海
86%
青森
86%
十王
86%
大井町
86%
高尾
71%
大宮
71%
小山
71%
石川町
71%
山手
71%
磯子
71%
港南台
71%
本郷台
71%
蒲田
71%
東神奈川
71%
藤代
71%
牛久
71%
石岡
71%
岩間
71%
友部
71%
赤塚
71%
日立
71%
大津港
71%
71%
原ノ町
71%
相馬
71%
平塚
71%
国府津
71%
小田原
71%
熱海
71%
真鶴
71%
大口
71%
菊名
71%
小机
71%
十日市場
71%
長津田
71%
成瀬
71%
矢部
71%
片倉
71%
内原
71%
白河
71%
小木津
71%
篠ノ井
71%
花巻
71%
さらに速いVer 双葉
71%
上田
57%
東鷲宮
57%
君津
57%
拝島
57%
鶴見
57%
根岸
57%
高浜
57%
内郷
57%
湯本
57%
錦糸町
57%
新小岩
57%
田浦
57%
中野
57%
三鷹
57%
津田沼
57%
相模湖
57%
藤野
57%
早川
57%
根府川
57%
湯河原
57%
大磯
57%
目黒
57%
鴨居
57%
草野
57%
姉ケ崎
57%
小諸
57%
成東
57%
岡谷
57%
北上
57%
富岡
43%
小田林
43%
東結城
43%
下館
43%
稲田
43%
宍戸
43%
秋田
43%
宇佐美
43%
伊東
43%
栗橋
43%
古河
43%
蘇我
43%
松本
43%
磯原
43%
植田
43%
南中郷
43%
西八王子
43%
辰野
43%
鴨宮
43%
笠間
43%
東雲
43%
国際展示場
43%
西大宮
43%
浦和
43%
四ツ倉
43%
短縮Ver | 遅い短縮Ver 南小谷
43%
塩尻
43%
低い・FOVer 八戸
43%
小高
43%
結城
29%
川島
29%
玉戸
29%
新治
29%
大和
29%
羽黒
29%
伊豆多賀
29%
網代
29%
市川
29%
荻窪
29%
豊田
29%
新木場
29%
甲斐大和
29%
酒々井
29%
品川シーサイド
29%
エンドレスVer 大原
29%
天王洲アイル
29%
岩瀬
14%
福原
14%
間々田
14%
大曲
14%
東青梅
14%
水上
14%
吉祥寺
14%
北上尾
14%
北鴻巣
14%
行田
14%
東京テレポート
14%
自治医大
14%
武蔵境
14%
高田馬場
0%
石橋
0%
西国分寺
0%
新小平
0%
No matching quizzes found
Score Distribution
Percent of People with Each Score
Percentile by Number Answered
Your Score History
You have not taken this quiz